Normal view
MARC view
- Panares, Alice Alafriz.
Entry Personal Name
001 - CONTROL NUMBER
- control field: 60636
003 - CONTROL NUMBER IDENTIFIER
- control field: OSt
005 - DATE AND TIME OF LATEST TRANSACTION
- control field: 20240911104924.0
008 - FIXED-LENGTH DATA ELEMENTS
- fixed length control field: 240911|| aca||aabn | a|a d
040 ## - CATALOGING SOURCE
- Original cataloging agency: OSt
- Transcribing agency: OSt
100 ## - HEADING--PERSONAL NAME
- Personal name: Panares, Alice Alafriz.
- Relator term: author.
670 ## - SOURCE DATA FOUND
- Source citation: Work cat.: (OSt): Panares, Alice Alafriz. author., The changing landscape of the arts in public schools :, December 2019.
